| 000 | 01868nam a2200481 c 4500 | ||
|---|---|---|---|
| 001 | 11263 | ||
| 003 | ES-MaCES | ||
| 005 | 20170309085455.0 | ||
| 008 | 001024s2000 sp t 000 | spa d | ||
| 017 |
_aM 2430-2000 _bDL |
||
| 020 | _a8436240952 | ||
| 035 | _aCES20000014308m | ||
| 040 |
_aES-MaCES _bspa _cES-MaCES |
||
| 245 | 0 | 0 |
_aCien años de Seguridad Social _b: a propósito del centenario de la Ley de accidentes de trabajo de 30 de enero de 1900 _cdirección y coordinación, Bernardo Gonzalo González, Magdalena Nogueira Guastavino ; [autores], Manuel Pimentel Siles ... [et al.] ; coord. ed., Alfonso Tulla Lobo |
| 250 | _a1ª ed | ||
| 260 |
_aMadrid _bFraternidad-Muprespa _bUNED _c2000 |
||
| 300 |
_aXXI, 742 p. _c24 cm |
||
| 500 | _aÍndices | ||
| 541 | _cCompra | ||
| 610 | 1 | 4 |
_aEspaña _tLey de accidentes de trabajo _d1900 _92892 |
| 610 | 1 | 4 |
_aEspaña _tLey de prevención de riesgos laborales _d1995 _93029 |
| 650 | 4 |
_aseguridad social _927034 |
|
| 650 | 4 |
_aseguridad en el trabajo _928348 |
|
| 650 | 4 |
_asalud en el trabajo _928347 |
|
| 650 | 4 |
_ariesgo _929564 |
|
| 650 | 4 |
_aaccidente de trabajo _928345 |
|
| 650 | 4 |
_aprestaciones por accidentes de trabajo _927037 |
|
| 650 | 4 |
_aEspaña _926964 |
|
| 650 | 4 |
_alegislación de seguridad social _929855 |
|
| 650 | 4 |
_areforma de la seguridad social _930668 |
|
| 650 | 4 |
_a1900-2000 _931588 |
|
| 650 | 4 |
_abalance _930786 |
|
| 653 | 1 | 0 | _aSalud |
| 700 | 1 |
_aPimentel Siles, Manuel _921023 |
|
| 700 | 1 |
_aNogueira Guastavino, Magdalena _edir. _919692 |
|
| 700 | 1 |
_aTulla Lobo, Alfonso _ecol. _925247 |
|
| 710 | 2 |
_aUniversidad Nacional de Educación a Distancia (España) _eed. _95370 |
|
| 710 | 2 |
_aFraternidad Muprespa _eed. _93723 |
|
| 700 | 1 |
_913933 _aGonzalo González, Bernardo _edir. |
|
| 902 | _aLIB Libro | ||
| 942 |
_2CES _cBK _h3.1. |
||
| 999 |
_c11263 _d11263 |
||